Normal view
MARC view
- Investments
Entry Topical Term
001 - CONTROL NUMBER
- control field: 5894
003 - CONTROL NUMBER IDENTIFIER
- control field: JO-AjAnu
005 - DATE AND TIME OF LATEST TRANSACTION
- control field: 20230606071246.0
008 - FIXED-LENGTH DATA ELEMENTS
- fixed length control field: 230606|| aca||aabn | a|a d
040 ## - CATALOGING SOURCE
- Original cataloging agency: JO-AjAnu
- Transcribing agency: JO-AjAnu
150 ## - HEADING--TOPICAL TERM
- Topical term or geographic name entry element: Investments
670 ## - SOURCE DATA FOUND
- Source citation: Work cat.: (JO-AjAnu)3055: Jordan, Bradford D. , Miller Jr, Thomas W , Dolvin,CFA, Steven D, author 5893, Fundamentals of Investments: Valuation And Management